Bilecik Bilecik Bilecik Bilecik Bilecik

Vakıf su defterleri : (Record no. 16415)

MARC details
000 -BAŞLIK
Sabit Uzunluktaki Kontrol Alanı 01679nam a22004217a 4500
001 - KONTROL NUMARASI
Control Dosyası 0016453
003 - KONTROL NUMARASI KİMLİĞİ
Kontrol Alanı KOHA_MİRAKIL
005 - EN SON İŞLEM TARİHİ ve ZAMANI
Kontrol Alanı 20260207002103.0
007 - FİZİKSEL TANIM SABİT ALAN - GENEL BİLGİ
Sabit uzunluklu kontrol alanı ta
008 - SABİT UZUNLUKTAKİ VERİ ÖGELERİ - GENEL BİLGİ
Sabit Alan 100415b2003 tu |||gr||||#||||0|tur |
020 ## - ISBN - ULUSLARARASI STANDART KİTAP NUMARASI
Isbn 9758215043
Nitelik bilgileri (set)
020 ## - ISBN - ULUSLARARASI STANDART KİTAP NUMARASI
Isbn 9789758215041
Nitelik bilgileri (set) 975658276x (c.1) 4756582268
-- (c.2) 9756582286
-- (c.3)
Kullanılabilirlik koşulları 0,01
040 ## - KATALOGLAMA KAYNAĞI
Özgün Kataloglama Kurumu TR-BiSEU
Kataloglama Dili tur
Çeviri Kurumu TR-BiSEU
Açıklama Kuralları rda
041 0# - DİL KODU
Metin ya da ses kaydının dil kodu tur
044 ## - YAYINLAYAN/ÜRETEN KURULUŞUN ÜLKE KODU
ISO country code tu
050 ## - SINIFLAMA ve YER NUMARASI
Sınıflama Numarası TD312.I88
Yer Numarası V35 2003
245 0# - ESER ADI BİLDİRİMİ
Başlık Vakıf su defterleri :
Alt Eseradı vb. su keşif defteri/
Sorumluluk Bildirimi proje ve yayın yönetmeni, Ahmet Kal'a ;Yayın Hazırlama Kurulu Ahmet Tabakoğlu ... [ve bşk.].
264 #1 - ÜRERİM, YAYIN, DAĞITIM ve TELİF BİLDİRİMİ
Yayın yeri İstanbul :
Yayınlayan İstanbul Araştırmaları Merkezi
Yayın tarihi 2003
300 ## - FİZİKSEL TANIMLAMA
Sayfa, Cilt vb. 3 c.: resimli; 32 cm.
336 ## - İÇERİK TÜRÜ
Content type term metin
Content type code txt
Source rdacontent
337 ## - MEDYA TÜRÜ
Media type term aracısız
Media type code n
Source rdamedia
338 ## - TAŞIYICI TÜRÜ
Carrier type term cilt
Carrier type code nc
Source rdacarrier
490 1# - DİZİ BİLDİRİMİ
Dizi Bildirimi İstanbul Su Külliyatı ;
Cilt Numarası 27-29.
490 1# - DİZİ BİLDİRİMİ
Dizi Bildirimi İstanbul Büyükşehir Belediyesi.
490 1# - DİZİ BİLDİRİMİ
Dizi Bildirimi İstanbul Su ve Kanalizasyon İdaresi Genel Müdürlüğü yayınları ;
Cilt Numarası 44.
500 ## - GENEL NOT
Genel Not Dizin var.
500 ## - GENEL NOT
Genel Not Osmanlı Cihan Devleti'nin kuruluşunun 700.yılı hatırasına.
500 ## - GENEL NOT
Genel Not (c. 1.)1842-1862.
500 ## - GENEL NOT
Genel Not (c. 2.) 1847-1872
500 ## - GENEL NOT
Genel Not (c.3.) 1862-1876.
500 ## - GENEL NOT
Genel Not İstanbul Su Külliyatı cilt 27
650 #0 - KONU BAŞLIĞI EK GİRİŞ - KONU TERİMİ
Konusal terim veya coğrafi ad Water-supply--Turkey--Istanbul--History--Sources.
9 (RLIN) 38049
650 #0 - KONU BAŞLIĞI EK GİRİŞ - KONU TERİMİ
Konusal terim veya coğrafi ad Su sağlama--Türkiye--İstanbul--Tarih--Belgeler.
9 (RLIN) 38050
830 1# - SERİ EK GİRİŞİ - TEKBİÇİM ESER ADI
Tekbiçim Başlık İstanbul Su Külliyatı ;
Volume number/sequential designation 27-29.
9 (RLIN) 38033
830 1# - SERİ EK GİRİŞİ - TEKBİÇİM ESER ADI
Tekbiçim Başlık İstanbul Büyükşehir Belediyesi.
9 (RLIN) 30556
830 1# - SERİ EK GİRİŞİ - TEKBİÇİM ESER ADI
Tekbiçim Başlık İstanbul Su ve Kanalizasyon İdaresi Genel Müdürlüğü yayınları ;
Volume number/sequential designation 44.
9 (RLIN) 38035
942 ## - EK GİRİŞ ÖGELERİ (KOHA)
Source of classification or shelving scheme Library of Congress Classification
Koha item type Book
Holdings
Materyal Türü Kalıcı Konum Mevcut Konum Raf Yeri Sınıflandırma Kaynağı Edinim Bilgisi Ana Konular Alt Konular Yer Numarası Cilt Bilgisi Demirbaş Numarası Fatura Tarihi Geri Çekilme Durumu Kayıp Durumu Hasarlı Durumu Kredi için değil Kayıt Tarih Toplam Ödünçverme Son Görülme Tarihi Son Kontrol Tarihi Genel / Bağış Notu
Book Prof. Dr. Azmi Özcan Kütüphanesi Prof. Dr. Azmi Özcan Kütüphanesi Birûni Salonu Library of Congress Classification Bağış TEKNOLOJİ Çevre Teknolojisi, Sıhhi Mühendislik TD312.I88 V35 2003 c.1 0016453 13/08/2010         15/04/2010   05/12/2024 05/12/2024 Sait Öztürk, Akademisyen
Book Prof. Dr. Azmi Özcan Kütüphanesi Prof. Dr. Azmi Özcan Kütüphanesi Birûni Salonu Library of Congress Classification Bağış TEKNOLOJİ Çevre Teknolojisi, Sıhhi Mühendislik TD312.I88 V35 2003 c.2 0016454 13/08/2010         15/04/2010   05/12/2024 05/12/2024 Sait Öztürk, Akademisyen
Book Prof. Dr. Azmi Özcan Kütüphanesi Prof. Dr. Azmi Özcan Kütüphanesi Birûni Salonu Library of Congress Classification Bağış TEKNOLOJİ Çevre Teknolojisi, Sıhhi Mühendislik TD312.I88 V35 2003 c.3 0016455 13/08/2010         15/04/2010   05/12/2024 05/12/2024 Sait Öztürk, Akademisyen